The World's Deadliest Dictators Ever - Statistics

General Stats
  • This quiz has been taken 439 times
    379 since last reset
  • The average score is 11 of 25
Answer Stats
Rank Country Dictator % Correct
2 Germany Adolf Hitler
99%
4 Soviet Union Josef Stalin
97%
1 China Mao Zedong
86%
21 Russia Vladimir Lenin
79%
8 Cambodia Pol Pot
74%
23 North Korea Kim Jong-Il
69%
11 Iraq Saddam Hussein
69%
20 Japan Emperor Hirohito
67%
3 Belgium Leopold II
67%
12 North Korea Kim Il Sung
59%
15 North Vietnam Ho Chi Minh
53%
5 Japan Hideki Tojo
47%
25 Zimbabwe Robert Mugabe
47%
6 Russia Nicholas II
32%
16 Germany Kaiser Wilhelm II
31%
18 Soviet Union Leonid Ilyich Brezhnev
31%
10 Ottoman Empire Ismail Enver Pasha
20%
17 China Chiang Kai-shek
19%
7 Pakistan Yahya Khan
19%
24 Romania Vlad the Impaler
17%
9 Sudan Omar al-Bashir
15%
13 Ethiopia Mengistu Haile Mariam
14%
22 Uganda Idi Amin Dada
11%
14 Nigeria Yakubu Gowon
4%
19 Japan Koki Hirota
2%
No matching quizzes found
Score Distribution
Percent of People with Each Score
Percentile by Number Answered
Your Score History
You have not taken this quiz since the last reset